[Event "Tata Steel-A 80th"]
[Site "Wijk aan Zee"]
[Date "2018.01.17"]
[Round "5"]
[White "Anand, Viswanathan"]
[Black "Wei, Yi"]
[Result "1/2-1/2"]
[WhiteElo "2767"]
[BlackElo "2743"]
[PlyCount "58"]
[EventDate "2018.01.13"]
[EventType "tourn"]
[EventRounds "13"]
[EventCountry "NED"]
[EventCategory "20"]
[SourceTitle "CBM 183"]
[Source "ChessBase"]
[SourceDate "2018.03.14"]
[SourceVersion "1"]
[SourceVersionDate "2018.03.14"]
[SourceQuality "1"]
[TimeControl "40/6000+30:20/3000+30:900+30"]

1. e4 {[%emt 0:00:00]} e5 {[%emt 0:00:12]} 2. Nf3 {[%emt 0:00:00]} Nf6 {
[%emt 0:00:15]} 3. Nxe5 {[%emt 0:00:00]} d6 {[%emt 0:00:07]} 4. Nf3 {[%emt 0:
00:02]} Nxe4 {[%emt 0:00:09]} 5. d4 {[%emt 0:00:14]} d5 {[%emt 0:00:09]} 6. Bd3
{[%emt 0:00:12]} Bf5 {[%emt 0:00:24]} 7. O-O {[%emt 0:00:15]} Be7 {[%emt 0:00:
08]} 8. Re1 {[%emt 0:00:19]} O-O {[%emt 0:00:17]} 9. c4 {[%emt 0:00:14]} Nc6 {
[%emt 0:00:26]} 10. cxd5 {[%emt 0:00:27]} Qxd5 {[%emt 0:00:08]} 11. Nc3 {
[%emt 0:00:27]} Nxc3 {[%emt 0:00:10]} 12. bxc3 {[%emt 0:00:05]} Rae8 {[%emt 0:
01:21]} 13. Bf4 {[%emt 0:00:15]} Bxd3 {[%emt 0:00:45]} 14. Qxd3 {[%emt 0:00:29]
} Bd6 {[%emt 0:00:14]} 15. c4 {[%emt 0:13:52]} Qh5 {[%emt 0:00:15]} 16. Bxd6 {
[%emt 0:06:48]} cxd6 {[%emt 0:00:15]} 17. Qa3 {[%emt 0:00:21]} Qa5 {[%emt 0:02:
19]} 18. Qxd6 {[%emt 0:07:23]} Rxe1+ {[%emt 0:00:36]} 19. Rxe1 {[%emt 0:00:27]}
Rd8 {[%emt 0:00:07]} 20. Re3 {[%emt 0:00:58]} h6 {[%emt 0:02:02]} 21. Qf4 {
[%emt 0:01:22]} Qxa2 {[%emt 0:00:12]} 22. d5 {[%emt 0:02:17]} Na5 {[%emt 0:00:
50]} 23. Qc7 {[%emt 0:16:04]} Qb1+ {[%emt 0:00:17]} 24. Re1 {[%emt 0:00:07]}
Qb6 {[%emt 0:00:06]} 25. Re7 {[%emt 0:00:10]} Qxc7 {[%emt 0:00:09]} 26. Rxc7 {
[%emt 0:00:04]} b5 {[%emt 0:00:06]} 27. cxb5 {[%emt 0:00:05]} Rxd5 {[%emt 0:00:
06]} 28. h3 {[%emt 0:00:07]} Rxb5 {[%emt 0:00:06]} 29. Rxa7 {[%emt 0:00:07]}
Nc6 {[%emt 0:00:06]} 1/2-1/2

[Event "Tata Steel-A 80th"]
[Site "Wijk aan Zee"]
[Date "2018.01.17"]
[Round "5"]
[White "Carlsen, Magnus"]
[Black "Kramnik, Vladimir"]
[Result "1/2-1/2"]
[WhiteElo "2834"]
[BlackElo "2787"]
[PlyCount "126"]
[EventDate "2018.01.13"]
[EventType "tourn"]
[EventRounds "13"]
[EventCountry "NED"]
[EventCategory "20"]
[SourceTitle "CBM 183"]
[Source "ChessBase"]
[SourceDate "2018.03.14"]
[SourceVersion "1"]
[SourceVersionDate "2018.03.14"]
[SourceQuality "1"]
[TimeControl "40/6000+30:20/3000+30:900+30"]

{Especially dramatic was the match between Magnus Carlsen and Vladimir Kramnik.
In an Italian game Kramnik reached easy equality with Black} 1. e4 {[%emt 0:00:
00]} e5 {[%emt 0:00:09]} 2. Nf3 {[%emt 0:00:00]} Nc6 {[%emt 0:00:05]} 3. Bc4 {
[%emt 0:00:00]} Bc5 {[%emt 0:00:16]} 4. O-O {[%emt 0:00:01]} Nf6 {[%emt 0:00:
22]} 5. d3 {[%emt 0:00:07]} d6 {[%emt 0:01:10]} 6. c3 {[%emt 0:00:19]} a6 {
[%emt 0:00:11]} 7. a4 {[%emt 0:00:17]} O-O {[%emt 0:01:12]} 8. h3 {[%emt 0:00:
18]} h6 {[%emt 0:02:17]} 9. Re1 {[%emt 0:02:41]} Re8 {[%emt 0:00:58]} 10. Nbd2
{[%emt 0:03:42]} Be6 {[%emt 0:01:14]} 11. Bxe6 {[%emt 0:01:26]} Rxe6 {[%emt 0:
00:25]} 12. b4 {[%emt 0:00:06]} Ba7 {[%emt 0:00:04]} 13. Qc2 {[%emt 0:06:43]}
Qd7 {[%emt 0:00:13]} 14. Nf1 {[%emt 0:06:09]} d5 {[%emt 0:01:00]} 15. Ng3 {
[%emt 0:14:26]} Rd8 {[%emt 0:04:39]} 16. exd5 {[%emt 0:16:32]} Qxd5 {[%emt 0:
14:05]} 17. Be3 {[%emt 0:00:09]} Qxd3 {[%emt 0:19:40]} 18. Qxd3 {[%emt 0:00:07]
} Rxd3 {[%emt 0:00:05]} 19. Bxa7 {[%emt 0:09:11]} Nxa7 {[%emt 0:01:24]} 20.
Nxe5 {[%emt 0:00:04]} Rd5 {[%emt 0:02:26]} 21. Ng4 {[%emt 0:00:20]} Nxg4 {
[%emt 0:06:14]} 22. Rxe6 {[%emt 0:00:04]} fxe6 {[%emt 0:00:09]} 23. hxg4 {
[%emt 0:00:04]} a5 {[%emt 0:01:58]} 24. f3 {[%emt 0:02:26]} Nc6 {[%emt 0:07:20]
} 25. Rb1 {[%emt 0:07:16]} b6 {[%emt 0:08:27]} 26. Ne4 {[%emt 0:00:46]} axb4 {
[%emt 0:04:39]} 27. cxb4 {[%emt 0:00:12]} Rd4 {[%emt 0:00:03]} 28. b5 $6 {
[%emt 0:01:15] After one "impulsive" move (28.b5) — as Carlsen said after
the game — the Norwegian even came under pressure and had to save himself in
a rook ending, where black had two pawns extra — although doubled on the
g-line. With only one g-pawn it would be a theoretical draw, but the second
g-pawn made the matter "tricky" to quote Carlsen. But Carlsen defended himself
precisely and saved the draw} Ne5 {[%emt 0:01:27]} 29. Rc1 {[%emt 0:11:02]}
Nxg4 {[%emt 0:07:22]} 30. fxg4 {[%emt 0:02:50]} Rxe4 {[%emt 0:00:35]} 31. Rxc7
{[%emt 0:00:09]} Rxa4 {[%emt 0:02:44]} 32. Rc6 {[%emt 0:02:10]} Kf7 {[%emt 0:
02:36]} 33. g5 {[%emt 0:01:35]} hxg5 {[%emt 0:00:22]} 34. Rxb6 {[%emt 0:00:02]}
Rb4 {[%emt 0:01:28]} 35. Rb8 {[%emt 0:04:45]} Kf6 {[%emt 0:04:54]} 36. b6 {
[%emt 0:00:21]} Ke5 {[%emt 0:02:25]} 37. Kh2 {[%emt 0:09:23]} Rb3 {[%emt 0:00:
59]} 38. g4 {[%emt 0:08:53]} Kf4 {[%emt 0:07:48]} 39. b7 {[%emt 0:00:04]} Kxg4
{[%emt 0:02:10]} 40. Re8 {[%emt 0:00:00]} Rxb7 {[%emt 0:01:14]} 41. Rxe6 {
[%emt 0:01:39]} Rb2+ {[%emt 0:08:12]} 42. Kg1 {[%emt 0:00:03]} Kf3 {[%emt 0:02:
35]} 43. Ra6 {[%emt 0:00:44]} Rg2+ {[%emt 0:04:59]} 44. Kh1 {[%emt 0:00:52]}
Re2 {[%emt 0:02:48]} 45. Kg1 {[%emt 0:08:27]} g4 {[%emt 0:02:28]} 46. Ra1 {
[%emt 0:01:24]} Re8 {[%emt 0:08:00]} 47. Rb1 {[%emt 0:03:54]} g3 {[%emt 0:09:
01]} 48. Rb3+ {[%emt 0:00:40]} Re3 {[%emt 0:03:29]} 49. Rb1 {[%emt 0:00:02]}
Re8 {[%emt 0:04:24]} 50. Rb3+ {[%emt 0:00:05]} Kg4 {[%emt 0:00:06]} 51. Rb5 {
[%emt 0:00:11]} Re1+ {[%emt 0:05:22]} 52. Kg2 {[%emt 0:00:01]} Re2+ {[%emt 0:
00:18]} 53. Kg1 {[%emt 0:00:02]} g5 {[%emt 0:05:15]} 54. Rb8 {[%emt 0:00:12]}
Re1+ {[%emt 0:00:24]} 55. Kg2 {[%emt 0:00:03]} Re2+ {[%emt 0:00:04]} 56. Kg1 {
[%emt 0:00:10]} Ra2 {[%emt 0:00:42]} 57. Rc8 {[%emt 0:00:10]} Ra1+ {[%emt 0:01:
28]} 58. Kg2 {[%emt 0:00:02]} Ra2+ {[%emt 0:00:04]} 59. Kg1 {[%emt 0:00:07]} g2
{[%emt 0:02:18]} 60. Rc4+ {[%emt 0:00:00]} Kh3 {[%emt 0:00:53]} 61. Rc3+ {
[%emt 0:00:18]} Kh4 {[%emt 0:00:09]} 62. Rc4+ {[%emt 0:00:08]} g4 {[%emt 0:00:
35]} 63. Rc3 {[%emt 0:00:04]} Kh5 1/2-1/2

[Event "Tata Steel-A 80th"]
[Site "Wijk aan Zee"]
[Date "2018.01.17"]
[Round "5"]
[White "Jones, Gawain C B"]
[Black "Giri, Anish"]
[Result "1/2-1/2"]
[WhiteElo "2640"]
[BlackElo "2752"]
[PlyCount "49"]
[EventDate "2018.01.13"]
[EventType "tourn"]
[EventRounds "13"]
[EventCountry "NED"]
[EventCategory "20"]
[SourceTitle "CBM 183"]
[Source "ChessBase"]
[SourceDate "2018.03.14"]
[SourceVersion "1"]
[SourceVersionDate "2018.03.14"]
[SourceQuality "1"]
[TimeControl "40/6000+30:20/3000+30:900+30"]

1. e4 {[%emt 0:00:00]} c6 {[%emt 0:00:47]} 2. d4 {[%emt 0:00:09]} d5 {[%emt 0:
00:07]} 3. exd5 {[%emt 0:00:38]} cxd5 {[%emt 0:00:27]} 4. c4 {[%emt 0:00:07]}
Nf6 {[%emt 0:02:04]} 5. Nc3 {[%emt 0:00:10]} e6 {[%emt 0:00:51]} 6. Nf3 {
[%emt 0:00:59]} Bb4 {[%emt 0:00:26]} 7. cxd5 {[%emt 0:01:07]} Nxd5 {[%emt 0:00:
27]} 8. Bd2 {[%emt 0:00:07]} O-O {[%emt 0:02:38]} 9. Bd3 {[%emt 0:00:19]} Nc6 {
[%emt 0:00:11]} 10. O-O {[%emt 0:00:08]} Be7 {[%emt 0:00:08]} 11. Nxd5 {
[%emt 0:03:56]} exd5 {[%emt 0:04:02]} 12. h3 {[%emt 0:03:25]} Bf6 {[%emt 0:00:
47]} 13. Bc3 {[%emt 0:07:05]} Be6 {[%emt 0:03:11]} 14. Re1 {[%emt 0:04:45]} g6
{[%emt 0:08:19]} 15. Qd2 {[%emt 0:05:10]} Rc8 {[%emt 0:06:11]} 16. Rac1 {
[%emt 0:08:11]} a6 {[%emt 0:02:17]} 17. Qf4 {[%emt 0:05:26]} Bg7 {[%emt 0:01:
01]} 18. b3 {[%emt 0:08:46]} Qf6 {[%emt 0:01:47]} 19. Qxf6 {[%emt 0:09:26]}
Bxf6 {[%emt 0:02:39]} 20. Ne5 {[%emt 0:00:05]} Be7 {[%emt 0:36:20]} 21. Nxc6 {
[%emt 0:01:46]} Rxc6 {[%emt 0:00:03]} 22. Bd2 {[%emt 0:01:49]} Rfc8 {[%emt 0:
00:21]} 23. Rxc6 {[%emt 0:00:09]} Rxc6 {[%emt 0:00:03]} 24. Rc1 {[%emt 0:00:33]
} Rxc1+ {[%emt 0:00:06]} 25. Bxc1 {[%emt 0:00:04]} 1/2-1/2

[Event "Tata Steel-A 80th"]
[Site "Wijk aan Zee"]
[Date "2018.01.17"]
[Round "5"]
[White "Mamedyarov, Shakhriyar"]
[Black "Caruana, Fabiano"]
[Result "1-0"]
[WhiteElo "2804"]
[BlackElo "2811"]
[Annotator "Sadorra,J"]
[PlyCount "85"]
[EventDate "2018.01.13"]
[EventType "tourn"]
[EventRounds "13"]
[EventCountry "NED"]
[EventCategory "20"]
[SourceTitle "CBM 183"]
[Source "ChessBase"]
[SourceDate "2018.03.14"]
[SourceVersion "1"]
[SourceVersionDate "2018.03.14"]
[SourceQuality "1"]

1. d4 Nf6 2. c4 e6 3. Nf3 d5 4. Bg5 Bb4+ 5. Nbd2 $5 {A "Shak specialty." In
his post-game interview, Shakriyar admits that he played a "very risky
opening" as he sacrificed a pawn early in the game.} dxc4 6. e3 b5 7. Be2 (7.
a4 $5 {is also another way to an imbalanced middlegame. For more ideas see
Sumet's annotated game in Megabase 2018.}) 7... Bb7 8. O-O O-O 9. b3 c3 $146 {
The position is still objectively equal, however there is a great chance that
Caruana was surprised by Shak's opening choice and had the unpleasant task of
having to recall lines that are not fresh in his mind and defend accurately
against Shak's concrete prep.} ({The most recent game in this pawn-sac line
continued} 9... cxb3 10. Nxb3 $5 a6 11. Ne5 $1 {White must play energetically
otherwise Black simply will complete development and push the queenside pawns.}
Nbd7 12. Bf3 Bxf3 13. Qxf3 {White has compensation but not more.} Nxe5 14. dxe5
Qd5 $1 15. Qf4 Ne4 16. Rad1 ({A simpler way is} 16. f3 Nxg5 17. Qxb4 (17. Qxg5
h6 18. Qf4 Bc3 $19) 17... h6 18. Qc3 $44 {White has full compensation due to
better pieces and weaknesses on Black's queenside.}) 16... Qb7 (16... Nc3 $5
17. Qxb4 Nxd1 18. Qg4 {[%csl Rd1][%cal Rg5f6]} Qxe5 19. Rxd1 h5 $1 20. Qh4 (20.
Qf4 Qxf4 21. Bxf4 Rfd8 $15) 20... f6 21. Bf4 Qf5 $13) 17. Rd4 Nxg5 18. Rxb4 h6
19. h4 Nh7 20. Rc1 $11 {1/2-1/2 (64) Swapnil,S (2531)-Das,A (2443) Bhubaneswar
IND 2018}) ({The only game played before this game happened was} 9... Bxd2 10.
Qxd2 cxb3 11. axb3 a6 12. Rfc1 {White had a Catalan-type of compensation and
queenside pressure.} Nbd7 {Here White could improve with} 13. Qb2 $1 (13. Qe1 {
0-1 (32) Penttinen,J (2322)-Moiseenko,A (2678) Kallithea 2008}) 13... Rc8 {
[%cal Gc7c5]} 14. Ne5 Nxe5 15. dxe5 Qd5 16. Bf3 {now the e-pawn is guarded.}
Ne4 17. Be7 $1 {An important intermediate move to limit the enemy queen's
mobility.} Rfe8 18. Rd1 Qc6 19. Bh4 $1 $40 {I like retreating the bishop on
this diagonal as it prevents enemy rooks from going to d8 and keeps the
attacking possibility of sac-ing on f6 in the future.}) 10. a3 Be7 11. Nb1 c5
12. Nxc3 a6 (12... cxd4 13. Nxd4 a6 14. Bf3 Bxf3 ({The engine recommends the
unnatural} 14... Qb6 $5 15. Ne4 Nbd7 {[%cal Gf8d8,Ga8c8] After which Black has
no problems.}) 15. Qxf3 Ra7 16. Rfd1 $36 {Is certainly a line that can be
worrisome for Black.}) 13. dxc5 Bxc5 14. Qc2 Nbd7 15. Rfd1 Rc8 16. Bxf6 $1 {
giving Black a long-term weakness before he improves his pieces.} (16. b4 Be7 {
There is no clear way for White to create any real pressure on Black's
position.} 17. Ne5 Qe8 $1 18. Nxd7 Nxd7 19. Bxe7 Qxe7 $11) 16... gxf6 17. b4
Be7 18. Rac1 Qe8 ({Another good and typical way of improving this type of
position is} 18... Rc7 $1 {[%cal Gd8a8,Gf8c8]} 19. Nd4 Qa8 $132 (19... Kh8 $5 {
[%cal Gf8g8]} 20. Bf3 Bxf3 21. Nxf3 Qa8 $11)) 19. Qb1 Nb6 {Improving the
knight and keeping an eye on White's a3-a4 pawn break.} ({I'm sure Caruana
also considered} 19... f5 {with the idea to relocate the bishop on h8-a1
diagonal and keep the c3-knight from e4, but was concerned about} 20. a4 {
but there was nothing to fear after} (20. e4 fxe4 21. Nxe4 Rxc1 22. Rxc1 f5 $1
23. Ng3 Bd5 $15) 20... bxa4 21. Nxa4 Be4 $1 22. Qb3 (22. Qa1 Rxc1 23. Rxc1 Bxb4
24. Bxa6 (24. Nc3 Bxf3 25. Bxf3 a5 $15) 24... Qe7 $15 {[%csl Rg2][%cal Gh7h6,
Gg8h7,Gf8g8,Rg8g2,Re4g2]}) 22... Rxc1 23. Rxc1 Qb8 24. Bxa6 Qxb4 $15) 20. Nd4
Kh8 21. Bf3 Bxf3 22. Nxf3 Nc4 ({Also natural and good is} 22... Rg8 23. Ne4
Rxc1 24. Rxc1 Qa8 $132) 23. Ne4 {Shak continues to play natural moves that
improve his position.} Qc6 {So does Caruana.} 24. Nfd2 Qb7 $2 {With the aim of
playing it safe and solid, Caruana makes an inaccuracy. Interestingly,
according to his interview, Shak correctly sensed that this was a mistake.} ({
There was nothing wrong with continuing to play normal moves:} 24... Rfd8 $1 {
Black will have enough resources to hold with his isolated passed pawn.} 25.
Nxc4 Rxd1+ (25... bxc4 26. Rxd8+ (26. Nd2 $4 c3) 26... Rxd8 27. Qc2 Qd5 28. h3
Qd3 $1 29. Qxc4 (29. Qxd3 cxd3 30. Kf1 f5 31. Nd2 Bf6 $11) 29... Qxa3 $11) 26.
Rxd1 bxc4 27. Rc1 (27. Nc3 f5 $1) 27... Qd5 $11) 25. Nxc4 Rxc4 (25... bxc4 26.
Rd4 $1 $16 {[%cal Rd4c4,Rd4h4]}) 26. Rxc4 (26. Nc5 $5 Bxc5 27. bxc5 $36 Qc6 (
27... Rxc1 28. Rxc1 Qc6 29. Qd3 $16 {[%csl Gc5,Rf6,Rh7,Rh8]}) 28. Rxc4 bxc4 29.
Qb4 Qb5 30. Rc1 Qxb4 31. axb4 Rb8 32. c6 $1 $16 (32. Rxc4 a5 $132)) 26... bxc4
27. Qc2 Rc8 {White's position is clearly much easier to play and from here on
slowly but surely improves his position while Black's position is difficult to
improve.} 28. h3 Qc6 (28... f5 29. Qc3+ $1 Kg8 30. Nc5 Bxc5 31. bxc5 Qb3 32.
Qd4 c3 33. Rc1 $1 c2 34. Qd7 Rb8 (34... Rxc5 35. Qd8+ Kg7 36. Qd4+) 35. Qd2 $16
) (28... Kg7 29. Rd4 $1) (28... Qb5 {[%cal Ga6a5]} 29. Qc3 (29. Rd4 a5 $132)
29... Qa4 30. Rb1 $1 Kg7 31. g4 $36) 29. Rd4 $1 a5 {Black can't just sit and
wait.} (29... c3 30. Nc5 Bxc5 31. Rh4 $1 {An important intermediate move.} f5
32. Qxc3+ Kg8 33. Rc4 $18) 30. Nd2 Rg8 (30... Qb5 {It looks like this can hold
at first because it keeps the material balance, but White is simply
positionally winning after} 31. Rxc4 Rxc4 32. Qxc4 Qxc4 33. Nxc4 axb4 34. a4 $1
$18 {e.g.} Bc5 35. Kf1 Kg7 36. Ke2 Kf8 37. Kd3 Ke7 38. Nd2 $18 {[%cal Gd3c4,
Gd2b3,Ga4a5]} (38. Na5 $5 $18)) 31. g3 axb4 32. Rxc4 b3 33. Nxb3 Qf3 34. a4 {
White has gained a clear pawn. Now he only needs a few accurate moves to put
out Black's small intiative, which Shak was able to accomplish.} Bd6 35. Rc8 (
35. Nd4 Qh5 36. Rc8 $1 (36. Kh2 $18) 36... Qxh3 37. a5 $18) 35... Rxc8 36.
Qxc8+ Kg7 37. Qc2 Bb4 38. Qc4 Qb7 39. a5 Bd6 40. a6 Qb6 41. Nd4 Qa5 42. Kg2 Qa3
43. Qc6 {Black resigned as he cannot stop White's plan of promoting the a-pawn
with help of the strong tandem of queen and knight.} 1-0

[Event "Tata Steel-A 80th"]
[Site "Wijk aan Zee"]
[Date "2018.01.17"]
[Round "5"]
[White "Matlakov, Maxim"]
[Black "Karjakin, Sergey"]
[Result "1/2-1/2"]
[WhiteElo "2718"]
[BlackElo "2753"]
[PlyCount "32"]
[EventDate "2018.01.13"]
[EventType "tourn"]
[EventRounds "13"]
[EventCountry "NED"]
[EventCategory "20"]
[SourceTitle "CBM 183"]
[Source "ChessBase"]
[SourceDate "2018.03.14"]
[SourceVersion "1"]
[SourceVersionDate "2018.03.14"]
[SourceQuality "1"]
[TimeControl "40/6000+30:20/3000+30:900+30"]

1. Nf3 {[%emt 0:00:00]} d5 {[%emt 0:00:10]} 2. g3 {[%emt 0:00:00]} c6 {[%emt 0:
00:27]} 3. Bg2 {[%emt 0:00:00]} Nf6 {[%emt 0:00:08]} 4. O-O {[%emt 0:00:20]}
Bg4 {[%emt 0:00:21]} 5. h3 {[%emt 0:00:32]} Bh5 {[%emt 0:00:28]} 6. d4 {
[%emt 0:00:52]} e6 {[%emt 0:00:50]} 7. c4 {[%emt 0:02:52]} Be7 {[%emt 0:04:10]}
8. Nc3 {[%emt 0:02:21]} O-O {[%emt 0:05:27]} 9. Ne5 {[%emt 0:05:41]} Nbd7 {
[%emt 0:21:38]} 10. g4 {[%emt 0:05:18]} Bg6 {[%emt 0:00:11]} 11. Nxg6 {[%emt 0:
22:02]} hxg6 {[%emt 0:00:39]} 12. Qd3 {[%emt 0:00:42]} Ne8 {[%emt 0:08:54]} 13.
cxd5 {[%emt 0:18:16]} exd5 {[%emt 0:00:59]} 14. Rb1 {[%emt 0:01:37]} a5 {
[%emt 0:06:48]} 15. a3 {[%emt 0:04:12]} Nd6 {[%emt 0:05:23]} 16. b4 {[%emt 0:
02:40] The game between Maxim Matlakov and Sergey Karjakin was less forced,
but the result was the same as between Anand and Wei. In a position on move 17
in which both sides could still play on, Matlakov and Karjakin shook hands}
axb4 {[%emt 0:00:56]} (16... axb4 17. e4 {Karjakin felt the game would see
simplifying exchanges, yet with unbalanced material and pawn structure, once
wonders if another pairing with the same moves would not have continued})
1/2-1/2

[Event "Tata Steel-A 80th"]
[Site "Wijk aan Zee"]
[Date "2018.01.17"]
[Round "5"]
[White "So, Wesley"]
[Black "Adhiban, Baskaran"]
[Result "1-0"]
[WhiteElo "2792"]
[BlackElo "2655"]
[PlyCount "159"]
[EventDate "2018.01.13"]
[EventType "tourn"]
[EventRounds "13"]
[EventCountry "NED"]
[EventCategory "20"]
[SourceTitle "CBM 183"]
[Source "ChessBase"]
[SourceDate "2018.03.14"]
[SourceVersion "1"]
[SourceVersionDate "2018.03.14"]
[SourceQuality "1"]
[TimeControl "40/6000+30:20/3000+30:900+30"]

1. c4 {[%emt 0:00:00]} d6 {[%emt 0:01:26]} 2. Nc3 {[%emt 0:01:28]} e5 {[%emt 0:
00:35]} 3. g3 {[%emt 0:02:38]} Be7 {[%emt 0:00:56]} 4. Bg2 {[%emt 0:03:23]} f5
{[%emt 0:00:11]} 5. d4 {[%emt 0:08:27]} Nf6 {[%emt 0:00:15]} 6. dxe5 {[%emt 0:
00:45]} dxe5 {[%emt 0:00:06]} 7. Qxd8+ {[%emt 0:00:03]} Bxd8 {[%emt 0:00:04]}
8. b3 {[%emt 0:00:05]} O-O {[%emt 0:04:06]} 9. Bb2 {[%emt 0:05:28]} c6 {
[%emt 0:00:21]} 10. Nf3 {[%emt 0:00:24]} Bc7 {[%emt 0:02:23]} 11. O-O {[%emt 0:
01:16]} Na6 {[%emt 0:02:04]} 12. Rfd1 {[%emt 0:10:47]} Re8 {[%emt 0:02:55]} 13.
Rac1 {[%emt 0:01:52]} e4 {[%emt 0:00:40]} 14. Nd4 {[%emt 0:00:21]} f4 {[%emt 0:
00:19]} 15. Ndb5 {[%emt 0:08:19]} fxg3 {[%emt 0:08:39]} 16. hxg3 {[%emt 0:01:
20]} e3 {[%emt 0:32:51]} 17. f4 {[%emt 0:00:18]} Bg4 {[%emt 0:01:08]} 18. Nxc7
{[%emt 0:09:36]} Nxc7 {[%emt 0:00:10]} 19. Ba3 {[%emt 0:00:08]} Ne6 {[%emt 0:
04:13]} 20. Bd6 {[%emt 0:11:51]} g5 {[%emt 0:07:30]} 21. fxg5 {[%emt 0:06:01]}
Nxg5 {[%emt 0:00:05]} 22. Rd4 {[%emt 0:03:18]} Ne6 {[%emt 0:07:17]} 23. Rd3 {
[%emt 0:00:09]} Ng7 {[%emt 0:00:04]} 24. Rf1 {[%emt 0:02:57]} Nf5 {[%emt 0:00:
22]} 25. Bf3 {[%emt 0:00:36]} Bh3 {[%emt 0:01:49]} 26. Bg2 {[%emt 0:02:48]} Bg4
{[%emt 0:00:10]} 27. Rf4 {[%emt 0:01:03]} Re6 {[%emt 0:03:01]} 28. Bc7 {
[%emt 0:05:55]} h5 {[%emt 0:04:15]} 29. Bf3 {[%emt 0:01:14]} Ng7 {[%emt 0:08:
03]} 30. Bd8 {[%emt 0:01:37]} Nge8 {[%emt 0:03:45]} 31. Kg2 {[%emt 0:05:40]}
Bxf3+ {[%emt 0:00:30]} 32. Rxf3 {[%emt 0:00:47]} Ng4 {[%emt 0:00:06]} 33. Rf5 {
[%emt 0:03:27]} Ng7 {[%emt 0:02:15]} 34. Rf4 {[%emt 0:02:34]} Rg6 {[%emt 0:01:
48]} 35. Bh4 {[%emt 0:00:59]} Ne6 {[%emt 0:00:53]} 36. Rf5 {[%emt 0:00:09]} Re8
{[%emt 0:05:24]} 37. Ne4 {[%emt 0:02:29]} Ng7 {[%emt 0:04:20]} 38. Nf6+ {
[%emt 0:04:09]} Nxf6 {[%emt 0:00:06]} 39. Rxf6 {[%emt 0:00:02]} Rxf6 {[%emt 0:
02:42]} 40. Bxf6 {[%emt 0:00:00]} Nf5 {[%emt 0:00:28]} 41. Kf3 {[%emt 0:05:49]}
Kf7 {[%emt 0:02:53]} 42. Bg5 {[%emt 0:01:00]} Rg8 {[%emt 0:08:59]} 43. Bf4 {
[%emt 0:00:09]} Ke6 {[%emt 0:04:11]} 44. Rd1 {[%emt 0:00:07]} b5 {[%emt 0:14:
03]} 45. cxb5 {[%emt 0:07:46]} cxb5 {[%emt 0:00:03]} 46. Rh1 {[%emt 0:00:04]}
Rh8 {[%emt 0:01:56]} 47. Bxe3 {[%emt 0:00:25]} Nxe3 {[%emt 0:00:36]} 48. Kxe3 {
[%emt 0:00:09]} Kf5 {[%emt 0:00:03]} 49. Rh4 {[%emt 0:09:49]} Re8+ {[%emt 0:00:
07]} 50. Kf3 {[%emt 0:11:09]} Kg5 {[%emt 0:00:10]} 51. Rd4 {[%emt 0:00:18]}
Rf8+ {[%emt 0:00:11]} 52. Rf4 {[%emt 0:00:39]} Rc8 {[%emt 0:00:06]} 53. Re4 {
[%emt 0:01:40]} Rc3+ {[%emt 0:01:04]} 54. e3 {[%emt 0:06:22]} Rc5 {[%emt 0:02:
16]} 55. b4 {[%emt 0:02:36]} Rf5+ {[%emt 0:03:05]} 56. Rf4 {[%emt 0:00:03]} Rd5
{[%emt 0:00:47]} 57. Rf7 {[%emt 0:04:01]} a6 {[%emt 0:00:04]} 58. Rg7+ {
[%emt 0:03:09]} Kh6 {[%emt 0:00:09]} 59. Rc7 {[%emt 0:04:05]} Rd6 {[%emt 0:01:
37]} 60. Rc5 {[%emt 0:00:00]} Rf6+ {[%emt 0:00:21]} 61. Ke4 {[%emt 0:00:22]}
Rg6 {[%emt 0:01:40]} 62. Kf3 {[%emt 0:01:42]} Rf6+ {[%emt 0:02:16]} 63. Kg2 {
[%emt 0:00:01]} Rd6 {[%emt 0:03:51]} 64. Kh3 {[%emt 0:01:06]} Re6 {[%emt 0:00:
07]} 65. Rc3 {[%emt 0:00:06]} Kg5 {[%emt 0:00:43]} 66. a3 {[%emt 0:00:26]} Kg6
{[%emt 0:01:43]} 67. g4 {[%emt 0:01:32]} hxg4+ {[%emt 0:10:41]} 68. Kxg4 {
[%emt 0:00:01]} Kf6 {[%emt 0:00:07]} 69. Kf4 {[%emt 0:00:16]} Ke7 {[%emt 0:00:
01]} 70. e4 {[%emt 0:00:39]} Rh6 {[%emt 0:00:27]} 71. Rc7+ {[%emt 0:07:39]} Kd8
{[%emt 0:00:10]} 72. Ra7 {[%emt 0:00:17]} Kc8 {[%emt 0:00:04]} 73. e5 {[%emt 0:
01:53]} Kb8 {[%emt 0:01:43]} 74. Rd7 {[%emt 0:01:20]} a5 {[%emt 0:02:13]} 75.
bxa5 {[%emt 0:02:28]} Ra6 {[%emt 0:00:06]} 76. Rd5 {[%emt 0:01:38]} Rxa5 {
[%emt 0:00:07]} 77. e6 {[%emt 0:00:03]} Kc7 {[%emt 0:00:13]} 78. e7 {[%emt 0:
00:20]} Ra8 {[%emt 0:00:04]} 79. Kf5 {[%emt 0:00:16]} Kc6 {[%emt 0:00:08]} 80.
Rd8 {[%emt 0:00:08]} 1-0